| 000 | 01191ngm a22003610a 4500 | ||
|---|---|---|---|
| 001 | PT13988 | ||
| 003 | AR-LpoUNG | ||
| 005 | 20210202000533.0 | ||
| 007 | vd cvaizq | ||
| 008 | 191001s1998||||ag |||||||||||||||||spa d | ||
| 037 | _c$33.33 | ||
| 040 |
_aAR-LpoUNG _bspa _cAR-LpoUNG _eaacr |
||
| 041 | _aspa | ||
| 044 | _aag | ||
| 082 | 0 | _a909.8 591v14 | |
| 245 | 1 | 0 |
_a1993-1998, el mundo fue y será : _bde la paridad al tercer milenio |
| 260 |
_aBuenos Aires : _bArte Gráfico Editorial Argentino, _c1998. |
||
| 300 | _aVHS (35 min.) : son., col. | ||
| 520 | _aSumario: Isralíes y Palestinos tras la difícil paz; Atentado en el Wolrd Trade Center; Clonación de embriones humanos; Maradona; Muere Fellini; El cine de los noventa; La derecha gana en España; La reelección de Menem; El ciberespacio; Devolución de Hong Kong a China. | ||
| 650 | 4 | _aANALISIS HISTORICO | |
| 650 | 4 | _aARGENTINA | |
| 650 | 4 | _aASPECTOS POLITICOS | |
| 650 | 4 | _aDEMOCRACIA | |
| 650 | 4 | _aESTADOS UNIDOS | |
| 650 | 4 | _aFRANCIA | |
| 650 | 4 | _aGENETICA | |
| 650 | 4 | _aMEXICO | |
| 650 | 4 | _aRELIGION | |
| 653 | _aVIDEOS | ||
| 710 | 2 | _aClarín (Buenos Aires) | |
| 905 | _a13988 | ||
| 942 | _cVIDEO | ||
| 999 |
_c55098 _d55098 |
||